Advanced personality / (Record no. 4518)
[ view plain ]
| 000 -LEADER | |
|---|---|
| fixed length control field | 01893cam a2200217 a 4500 |
| 020 ## - INTERNATIONAL STANDARD BOOK NUMBER | |
| ISBN | 0306457458 |
| 022 ## - INTERNATIONAL STANDARD SERIAL NUMBER | |
| ISSN | 9780306457456 |
| 050 00 - CALL NUMBER | |
| Classification number | BF698 |
| Item number | .A328 |
| 100 ## - AUTHOR | |
| Personal name | David F Barone |
| 245 00 - TITLE | |
| Title | Advanced personality / |
| Statement of responsibility, etc | edited by David F. Barone, Michel Hersen, and Vincent B. Van Hasselt. |
| 260 ## - PUBLICATION INFORMATION | |
| Place of publication | New York : |
| Name of publisher | Plenum Press, |
| Year of publication | c1998. |
| 300 ## - DESCRIPTION | |
| Number of Pages | xi, 419 p. : |
| Other physical details | ill. ; |
| Dimensions | 26 cm. |
| 440 #0 - SERIES | |
| SERIES | Plenum series in social/clinical psychology |
| 500 ## - NOTES | |
| General note | Includes references and index |
| 505 ## - FORMATTED CONTENTS NOTE | |
| Table of Content | Introduction to personality study / David F. Barone and Kathryn D. Kominars --<br/>Psychoanalytic theories of personality / Bady Quintar, Robert C. Lane, and W. Bradley Goeltz --<br/>Interpersonal and systemic theories of personality / Steven N. Gold and Gonzalo Bacigalupe --<br/>Humanistic and experiential theories of personality / Jeanne C. Watson and Leslie S. Greenberg --<br/>Trait theories of personality / Paul T. Costa Jr. and Robert R. McCrae --<br/>Psychobiological theories of personality / Marvin Zuckerman --<br/>Operant theory of personality / Chauncey R. Parker, Madelon Y. Bolling, and Robert J. Kohlenberg --<br/>Social cognitive theories of personality / S. Lloyd Williams and Daniel Cervone --<br/>Cognitive-experiential self-theory / Seymour Epstein --<br/>Why do we need to be conscious?: a psychoanalytic answer / Howard Shevrin --<br/>Aggressive personalities / Leonard Berkowitz --<br/>Learned helplessness and explanatory style / Christopher Peterson and Curie Park --<br/>Subjective well-being and personality / Ed Diener --<br/>Personality disorders / Thomas A. Widiger --<br/>Self-with-other representations / Daniel M. Ogilvie, Christopher J. Fleming, and Greta E. Pennell --<br/>Sex/gender and the individual / Richard D. Ashmore and Andrea D. Sewell. |
| 650 #0 - SUBJECTS | |
| Topical Term | Personality. |
| 700 1# - OTHER AUTHORS | |
| Personal name | Barone, David F. |
| 700 1# - OTHER AUTHORS | |
| Personal name | Hersen, Michel. |
| 700 1# - OTHER AUTHORS | |
| Personal name | Van Hasselt, Vincent B. |
| 942 ## - ADDED ENTRY ELEMENTS (KOHA) | |
| Koha item type | Books |
| Withdrawn status | Lost status | Collection code | Home library | Current library | Shelving location | Date acquired | Full call number | Accession Number | Koha item type |
|---|---|---|---|---|---|---|---|---|---|
| Reference | Methodist University Library Main | Methodist University Library Main | General Stacks | 18/12/1999 | BF698 .A328 | 16483 | Books |